000 00613nam a22001697a 4500
003 OSt
005 20250923012816.0
008 250923b |||||||| |||| 00| 0 eng d
020 _a1-881614-00-X
040 _aDWCL-Main lib
_cOC
082 _aCirc. 276.73 B216 2004
100 _aBangjiu, P.Z.
245 _aDawn breaks in the East :
_b a time revisited (One spiritual warrior's thirty-three year struggle of the church)
260 _ano place of publication :
_bSerenity,
_cc2004
300 _a386 pages :
_c 21 cm.
942 _2ddc
_cBK-CIRC
_hCirc. 276.73 B216 2004
_kCirc.
_n0
999 _c4495
_d4495